• AIU
  • Tony Wilmot Memorial Library

Church shift / (Record no. 55211)

MARC details
000 -LEADER
fixed length control field 01162cam a2200265 a 4500
001 - CONTROL NUMBER
control field 14818854
003 - CONTROL NUMBER IDENTIFIER
control field OSt
005 - DATE AND TIME OF LATEST TRANSACTION
control field 20140110020004.0
008 - FIXED-LENGTH DATA ELEMENTS--GENERAL INFORMATION
fixed length control field 070423s2008 flua 000 0 eng
010 ## - LIBRARY OF CONGRESS CONTROL NUMBER
LC control number 2007016720
020 ## - INTERNATIONAL STANDARD BOOK NUMBER
International Standard Book Number 9781599790978 (trade paper)
040 ## - CATALOGING SOURCE
Original cataloging agency DLC
Transcribing agency DLC
Modifying agency DLC
050 00 - LIBRARY OF CONGRESS CALL NUMBER
Classification number BV4501.3
Item number .A335 2008
082 00 - DEWEY DECIMAL CLASSIFICATION NUMBER
Classification number 248.4
Edition number 22
100 1# - MAIN ENTRY--PERSONAL NAME
Personal name Adelaja, Sunday.
9 (RLIN) 18119
245 10 - TITLE STATEMENT
Title Church shift /
Statement of responsibility, etc Sunday Adelaja.
250 ## - EDITION STATEMENT
Edition statement 1st ed.
260 ## - PUBLICATION, DISTRIBUTION, ETC. (IMPRINT)
Place of publication, distribution, etc Lake Mary, Fla. :
Name of publisher, distributor, etc Charisma House,
Date of publication, distribution, etc c2008.
300 ## - PHYSICAL DESCRIPTION
Extent xxviii, 189 p. :
Other physical details ill. ;
Dimensions 22 cm.
505 0# - FORMATTED CONTENTS NOTE
Formatted contents note People power -- The kingdom-minded church -- Finding your promised land -- Becoming kingdom-minded -- Hard work leads to maximum impact -- Thriving in persecution -- Go to the least of these -- Learn to fight! -- Many Moseses -- Three principles of practical success -- When to stop praying -- The orange revolution -- The world is waiting for you.
650 #0 - SUBJECT ADDED ENTRY--TOPICAL TERM
Topical term or geographic name as entry element Christian life.
906 ## - LOCAL DATA ELEMENT F, LDF (RLIN)
a 7
b cbc
c orignew
d 1
e ecip
f 20
g y-gencatlg
942 ## - ADDED ENTRY ELEMENTS (KOHA)
Source of classification or shelving scheme Library of Congress Classification
Koha item type Books
Koha issues (borrowed), all copies 1
Holdings
Withdrawn status Lost status Source of classification or shelving scheme Damaged status Not for loan Collection code Home library Current library Shelving location Date acquired Source of acquisition Cost, normal purchase price Total Checkouts Total Renewals Full call number Barcode Date last seen Date checked out Copy number Price effective from Koha item type
    Library of Congress Classification     General Circulation AIU/NEGST - Tony Wilmot Memorial Library AIU/NEGST - Tony Wilmot Memorial Library General Stacks 10/17/2012 Donation -TBN. 25.00 1 1 BV 4501.3.A335 2008 R58636F3232 07/09/2014 01/09/2014 1 10/17/2012 Books